000 00629nam a22002057a 4500
999 _c4590
_d4590
003 AR-CdUCM
008 190311b ||||| |||| 00| 0 spa d
040 _aMUNICIPALIDAD PROVINCIAL DEL CUSCO
_cBIBLIOTECA MUNICIPAL DEL CUSCO
082 _a869.44 /
_bC68
100 _aClaros Lafuente, Jorge
_914336
245 _aLagrima de Estaño :
_bpoemario de paz y de amor /
260 _aCochabamba :
_bCanelas,
_c1964.
300 _a96 páginas ;
_c19 cm.
500 _aDonación de la familia Nieto
650 _aBolivia
_91138
650 _aPoesía Boliviana
_92577
650 _aSiglo XX
_98
942 _2ddc
_cLIBROS
945 _araen